Θεωρία και προβλήματα στη στατική και μηχανική των υλικών

Αποθηκεύτηκε σε:
Λεπτομέρειες βιβλιογραφικής εγγραφής
Κύριος συγγραφέας: Nash, William A.
Άλλοι συγγραφείς: Χαραλαμπάκης, Νικόλαος (Μεταφραστής)
Μορφή: Βιβλίο
Γλώσσα:Greek
English
Δημοσίευση: Θεσσαλονίκη : Τζιόλας, c2002.
Σειρά:Schaum's outline series
Θέματα:
Ετικέτες: Προσθήκη ετικέτας
Δεν υπάρχουν, Καταχωρήστε ετικέτα πρώτοι!

MARC

LEADER 00000cam a2200000 i 4500
001 1/45063
008 031119s2002 gr | ||| |||| ||gre||
020 |a 960805060- 
035 |l 10071660 
040 |a GR-MyUA  |b gre  |e AACR2 
041 1 |a gre  |h eng 
082 0 |a 620.112  |2 (21) 
100 1 |a Nash, William A. 
245 1 0 |a Θεωρία και προβλήματα στη στατική και μηχανική των υλικών /   |c William A. Nash ; Επιμέλεια μετάφρασης Νίκος Χ. Χαραλαμπάκης.  
246 3 4 |a Στατική και μηχανική των υλικών 
260 |a Θεσσαλονίκη :   |b Τζιόλας,   |c c2002.  
300 |a 308 σ. :   |b εικ. ;   |c 28 εκ.  
490 1 |a (Schaum)  
504 |a Περιλαμβάνει ευρετήριο.  
650 0 0 |a Statics  |x Problems, exercises, etc. 
650 0 0 |a Strength of materials  |v Problems, exercises, etc. 
650 0 0 |a Statics  |x Outlines, syllabi, etc. 
650 0 0 |a Strength of materials  |x Outlines, syllabi, etc. 
700 1 |a Χαραλαμπάκης, Νικόλαος,  |e trl 
765 0 8 |i Μετάφραση του:   |t Schaum's outline of theory and problems of statics and mechanics of materials /  
830 0 |a Schaum's outline series 
852 |a INST  |b SYROS  |e 20031119  |h 620.112 NAS  |p 005500003147  |q 005500003147  |t BK  |y 0 
901 |a BIBL5-2003-3 
909 |a Ε  |b 106571 
922 |a 5ΕΛΗ  |b 200309  |c ΤΜΣΠΣ  |d ΠΑΠΑΣΩΤΗΡΙΟΥ 
950 |a 183-2003-09-09 
970 |a ΜΑΝΩΛΑΡΑΚΗ  |b ΜΑΡΙΑ  |z 2003/11/26